00872pab a2200169 454500008004000000100001600040245004300056260000900099300001600108362001000124520038200134650002000516773003400536909001000570999001700580952010500597180718b2004 xxu||||| |||| 00| 0 eng d aGodwin S.K. aMedical tourism: subsisdising the rich c2004 ap.3981-983. a4 Sep aIn the heavily dualistic system of healthcare existing in India with inadequate and inefficient public health services on the one hand and a corporatised medical system using high-end medical technology and state-of-the-art infrastructure on the other, the promotion of medical tourism will accentuate the divide between the haves and the have-nots in healthcare. - Reproduced. aHealth services aEconomic and Political Weekly a62320 c62320d62320 00104070aIIPAbIIPAd2018-07-19hVolume no: 39, Issue no: 36pAR62770r2018-07-19w2018-07-19yAR